000
00293nam a2200109 a 4500
005
20200929163325.0
008
091127s2000 000 spa d
020
_a
9993444022
245
0
_a
Ley No. 241 Régimen jurídico de tránsito de vehículos.
260
_a
Moca,
_c
2000.
999
_c
13329
_d
13329
040
_a
DO-SdBNP